Statistics for MLB 15 Lowest ERAs of 2017

Click here to take the quiz!

General Stats

  • This quiz has been taken 27 times
  • The average score is 7 of 15

Answer Stats

Team and ERAPitcher% Correct
Dodgers 2.31Clayton Kershaw
95%
Red Sox 2.90Chris Sale
89%
Indians 2.25Corey Kluber
89%
Nationals 2.51Max Scherzer
89%
Nationals 2.52Stephen Strasburg
89%
Tigers/Astros 3.36Justin Verlander
68%
Nationals 2.96Gio Gonzalez
42%
Yankees 2.98Luis Severino
42%
Diamondbacks 2.89Robbie Ray
32%
Blue Jays 3.09Marcus Stroman
21%
Indians 3.29Carlos Carrasco
16%
Twins 3.28Ervin Santana
16%
Red Sox 3.32Drew Pomeranz
11%
Diamondbacks 3.20Zack Greinke
5%
Rangers 3.40Andrew Cashner
0%

Score Distribution

Percentile by Number Answered

Percent of People with Each Score

Your Score History

You have not taken this quiz